书目信息 |
| 题名: |
中国经济增长报告
|
|
| 作者: | 张平 , 刘霞辉 主编 | |
| 分册: | 2012~2013 宏观经济走势及展望 | |
| 出版信息: | 北京 社会科学文献出版社 2013 |
|
| 页数: | 338页 | |
| 开本: | 24cm | |
| 丛书名: | ||
| 单 册: | ||
| 中图分类: | F124.1 , F123.16 | |
| 科图分类: | ||
| 主题词: | 中国经济--经济增长--研究报告--2012-2013 , 宏观经济--经济发展趋势--研究报告--中国--2012-2013 , 中国经济 , 经济增长 , 宏观经济 , 经济发展趋势 | |
| 电子资源: | ||
| ISBN: | 978-7-5097-5147-3 | |
| 000 | 01601nam0 2200337 450 | |
| 001 | 523 | |
| 005 | 20140908161733.15 | |
| 010 | @a978-7-5097-5147-3@dCNY69.00 | |
| 100 | @a20131121d2013 em y0chiy50 ea | |
| 101 | 0 | @achi@deng@eeng |
| 102 | @aCN@b110000 | |
| 105 | @aa z 000yy | |
| 106 | @ar | |
| 200 | 1 | @a中国经济增长报告@AZhong Guo Jing Ji Zeng Chang Bao Gao@h2012~2013@i宏观经济走势及展望@IHong Guan Jing Ji Zou Shi Ji Zhan Wang@dAnnual report on China's economic growth@h2012-2013@iMacroeconomic trends and outlook@f中国社科学院经济研究所主编@FZhong Guo She Ke Xue Yuan Jing Ji Yan Jiu Suo Zhu Bian@zeng |
| 210 | @a北京@c社会科学文献出版社@d2013 | |
| 215 | @a338页@c图@d24cm | |
| 300 | @a宏观经济蓝皮书 | |
| 330 | @a本书分为三部分。第一部分总报告,回顾分析了2013年中国投资、消费、贸易、金融等领域的现状和问题,并对2014年主要宏观经济指标进行了预测和展望。第二部分宏观经济专题部分,对中国宏观经济的各个层面进行了探讨,包括区域创新及其影响因素,不同所有制企业技术创新问题,新兴增长动力的培育方式等。第三部分为中国区域经济发展前景报告。 | |
| 510 | 1 | @aAnnual report on China's economic growth@h2012-2013@iMacroeconomic trends and outlook@zeng |
| 606 | 0 | @a中国经济@x经济增长@x研究报告@z2012-2013 |
| 606 | 0 | @a宏观经济@x经济发展趋势@x研究报告@y中国@z2012-2013 |
| 606 | 0 | @a中国经济 |
| 606 | 0 | @a经济增长 |
| 606 | 0 | @a宏观经济 |
| 606 | 0 | @a经济发展趋势 |
| 690 | @aF124.1@v5 | |
| 690 | @aF123.16@v5 | |
| 701 | 0 | @a张平@AZhang Ping@f(1964~)@4主编 |
| 701 | 0 | @a刘霞辉@ALiu Xia Hui@f(1962~)@4主编 |
| 801 | 0 | @aCN@bTANGWEI@c20140603 |
| 905 | @b0838381-83@dF124.1@e196@f3 | |
| 中国经济增长报告.2012~2013.宏观经济走势及展望=Annual report on China's economic growth.2012-2013.Macroeconomic trends and outlook/中国社科学院经济研究所主编.-北京:社会科学文献出版社,2013 |
| 338页:图;24cm |
| 宏观经济蓝皮书 |
| ISBN 978-7-5097-5147-3:CNY69.00 |
| 本书分为三部分。第一部分总报告,回顾分析了2013年中国投资、消费、贸易、金融等领域的现状和问题,并对2014年主要宏观经济指标进行了预测和展望。第二部分宏观经济专题部分,对中国宏观经济的各个层面进行了探讨,包括区域创新及其影响因素,不同所有制企业技术创新问题,新兴增长动力的培育方式等。第三部分为中国区域经济发展前景报告。 |
| ● |
| 相关链接 |
|
|
|
|
正题名:中国经济增长报告
索取号:F124.1/196
 
预约/预借
| 序号 | 登录号 | 条形码 | 馆藏地/架位号 | 状态 | 备注 |
| 1 | 0838381 | 208383818 | 第一样本阅览室/ [索取号:F124.1/196] | 在馆 | |
| 2 | 0838382 | 208383827 | 第一借阅区/ [索取号:F124.1/196] | 在馆 | |
| 3 | 0838383 | 208383836 | 密集书库-海洋学院/ [索取号:F124.1/196] | 在馆 |